| 000 | 00479cam a2200181 4500 | ||
|---|---|---|---|
| 001 | D8636 | ||
| 008 | 090401t1979 xxu||||| |||| 00| 0 eng d | ||
| 035 | _a(Sirsi) u14304 | ||
| 041 | _aeng | ||
| 050 | _a720.9421 | ||
| 100 | _aService, Alastair | ||
| 245 | 4 | _aThe architects of London and their buildings from 1066 to the present day | |
| 260 |
_aLondon _bArchitectural Press _c1979 |
||
| 300 | _avii. 227p. ill. 24cm | ||
| 350 | _a4.95 | ||
| 942 | _n0 | ||
| 948 | _c04/03/1997 | ||
| 999 |
_c87169 _d87169 |
||